00444nam a2200181 a 4500001001300000003000900013005001700022008004100039020001000080082001500090100001700105245002000122260004300142300000900185500003500194650001600229700001700245nice12345678IN_TiNIC20260116015311.0100205s1999 hyda grp 000 0 eng  ac15000a297.8bNAQ aNaqui, Sadiq aEssays in Islam aHyderabad bBab-ul-ilm. Society c1999 a111p aincludes index and biblioraphy aShiah-Islam1 aNaqui, Sadiq